Minecraft Commands - Statistics

General Stats
  • This quiz has been taken 54 times
  • The average score is 9 of 15
Answer Stats
Hint Answer % Correct
Change from creative mode to survival /gamemode
98%
Teleports an entity /tp
89%
Applies a potion effect or clears it /effect
85%
Finds a structure and displays its coordinates /locate
85%
Only way to obtain command blocks and barrier blocks /give
78%
Changes certain game aspects such as keeping your inventory when you die /gamerule
76%
Creates an entity /summon
72%
Similar to the above, but for biomes /locatebiome
65%
Similar to the above, but can change a range of coordinates /fill
46%
Performs the same function as a bed /spawnpoint
43%
Displays text in the chat bar /tellraw | /say
43%
Creates objectives and a sidebar of scores /scoreboard
39%
Changes one block to another /setblock
39%
Can be followed with "at", "as", "anchor", "if" and others /execute
24%
Displays stats of a block or entity in chat, or modifies those stats /data
17%
No matching quizzes found
Score Distribution
Percent of People with Each Score
Percentile by Number Answered
Your Score History
You have not taken this quiz